Joueurs du mois de Ligue 1 (2025-2026) - Statistiques

Statistiques générales
  • Ce quiz a été pris 75 fois
    7 depuis la dernière actualisation
  • Le résultat moyen est 6 sur 7
Statistiques - réponses
Club Nationalité Joueur Mois % Correct
RC Lens Français Florian Thauvin Septembre
100%
RC Lens Français Florian Thauvin Novembre
100%
RC Lens Français Florian Thauvin Mars
100%
Olympique de Marseille Anglais Mason Greenwood Octobre
100%
Olympique Lyonnais Brésil Endrick Décembre - Janvier
83%
Paris FC Algérien Ilan Kebbal Août
83%
Stade Brestois Français Ludovic Ajorque Février
67%
Aucun quiz correspondant
Distribution des résultats
% des personnes avec chaque résultat
Percentile par nombre de réponses
Votre historique - résultats
Vous n’avez pas pris ce quiz depuis la dernière actualisation